The Law of theft : a comparative study of Malaysian, English and Islamic criminal laws /
Saved in:
| 主要作者: | |
|---|---|
| 格式: | Thesis |
| 语言: | English |
| 出版: |
Petaling Jaya
: International Islamic University Malaysia,
1994
|
| 主题: | |
| 在线阅读: | Click here to view 1st 24 pages of the thesis. Members can view fulltext at the specified PCs in the library. |
| 标签: |
添加标签
没有标签, 成为第一个标记此记录!
|
| LEADER | 019030000a22003490004500 | ||
|---|---|---|---|
| 001 | 92967 | ||
| 005 | 20090803125900.0 | ||
| 008 | 991025s1994 my g 00 eng c | ||
| 035 | |a 342396 | ||
| 035 | |a (Sirsi) 92967 | ||
| 040 | |a UIAM |b eng | ||
| 049 | |b m | ||
| 050 | 0 | 0 | |a KPG 4234 |
| 100 | 0 | |a Noraida binti Harun | |
| 245 | 1 | 4 | |a The Law of theft : |b a comparative study of Malaysian, English and Islamic criminal laws / |c by Noraida binti Harun |
| 260 | 1 | |a Petaling Jaya |b : International Islamic University Malaysia, |c 1994 | |
| 300 | |a 190 p. ; |c 30 cm. | ||
| 500 | |a "This dissertation is submitted to fulfill the partial requirements for the Degree of Master of Comparative Laws." -On t.p. | ||
| 502 | |a Thesis (M.C.L.)--International Islamic University Malaysia, 1994. | ||
| 504 | |a Includes bibliographical references (leaves 186-190). | ||
| 533 | |a One copy | ||
| 596 | |a 1 | ||
| 650 | 0 | |a Larceny |x Law and legislation Comparative Studies |z Malaysia | |
| 650 | 0 | |a Larceny |x Law and legislation Comparative and Studies |z Great Britain | |
| 650 | 0 | |a Larceny ( Islamic Law ) |x Comparative Studies | |
| 710 | 2 | |a International Islamic University Malaysia. |b Ahmad Ibrahim Kulliyyah of Laws | |
| 856 | 4 | |u http://studentrepo.iium.edu.my/handle/123456789/1910 |z Click here to view 1st 24 pages of the thesis. Members can view fulltext at the specified PCs in the library. | |
| 900 | |a zai-hj-nm-hm | ||
| 999 | |c 430773 |d 462264 | ||
| 952 | |0 0 |6 T KPG 4234 N822L 1994 |7 0 |8 THESES |9 750158 |a IIUM |b IIUM |c MULTIMEDIA |g 0.00 |o t KPG 4234 N822L 1994 |p 00000342399 |r 2017-10-20 |t 1 |v 0.00 |y THESIS | ||
| 952 | |0 0 |6 LU T KPG 4234 N822L 1994 |7 0 |8 THESES |9 750159 |a IIUM |b IIUM |c CLOSEACCES |g 0.00 |o lu t KPG 4234 N822L 1994 |p 00010981897 |r 2017-10-24 |t 1 |v 0.00 |y THESIS | ||
| 952 | |0 0 |6 TS CDF KPG4234N822L 1994 |7 0 |8 THESES |9 791417 |a IIUM |b IIUM |c MULTIMEDIA |g 0.00 |o ts cdf KPG4234N822L 1994 |p 00000901036 |r 2017-10-26 |t 1 |v 0.00 |y THESISDIG | ||
